000 00236nam a2200097Ia 4500
001 683244
005 20250826161434.0
008 250824s9999 xx 000 0 und d
245 0 _aNAIMA
_cBEHÇET NECATİGİL
260 _bEVEREST YAYINLARI
999 _c683244
_d683244